00883nac a22002291u 4500010001600000020002800016082002200044090001100066100003400077245011200111246003100223250001200254260005500266300003300321500004300354500002000397650002700417650004800444942002100492999001100513952012900524 a 97039663 a0134420888 (alk. paper)00a621.388/87bB9777 c86d86 aBuscombe, Charles G. 10aTelevision and video systems :boperation, maintenance, troubleshooting, and repair /cCharles G. Buscombe.14aTelevision & video systems a2nd ed. aUpper Saddle River, N.J. :bPrentice Hall,cc1999. axi, 451 p. :bill. ;c29 cm. aIncludes one folded schematic diagram. aIncludes index. 0aTelevisionxRepairing. 0aHome video systemsxMaintenance and repair. cBBk621.388B9777 c86d86 00104070aMAINbMAINc1STd2005-12-18ePurchasel1m1o621.388 BUSp000004695r2025-07-15 00:00:00s2016-04-28v200.00yBB